Charli XCX Random questions - Statistics

General Stats
  • This quiz has been taken 24 times
    19 since last reset
  • The average score is 8 of 18
Answer Stats
Question Answer % Correct
ft. Billie Eilish Guess
100%
Fans name Angel
83%
Name A Car Song Vroom Vroom - Porsche - White Mercedes - Speed drive - Taxi
83%
Name One Ethnicity Indian - Scottish
67%
Most Populous Unreleased Album(type "what is it" if no clue lol) XCX World
67%
Its so obvious Im your number one
61%
Besties (Best Friend) Troye Sivan - Lorde - Rachel Sennott - SOPHIE
56%
Least Favorite Album 14 - Sucker
50%
Music Genre Hyperpop
50%
Full name Charlotte Emma Aitchison
44%
Yeah i know your little secret Put your hands up
44%
I get money u get mad because The Bank's Shut
44%
Favorite Fruit Kiwi - Banana
22%
Color Hex Of brat green 8ACE00 - b4dd1e
17%
Favorite Spice Girl Baby Spice - Emma Bunton
11%
Her Moms Name Shameera
11%
First song published Stay Away
11%
Her Favorite Perfume Bibliotheque
6%
No matching quizzes found
Score Distribution
Percent of People with Each Score
Percentile by Number Answered
Your Score History
You have not taken this quiz since the last reset